000 01697nam a2200241Ia 4500
999 _c52067
_d52067
001 19073
003 GE_BSU
005 20220920102014.0
008 181216s2012||||ge |||||||||||||| ||geo||
040 _cGE_BSU
041 _ageo
080 _a82 რ-73
100 _aროდინაძე, სვეტლანა
_911703
245 _aინგლისურენოვანი მარინისტული ტექსტები და მათი თარგმანის როლი ქართული საზღვაო ტერმინოლოგიის ფორმირების პროცესში: დისერტაცია /
_cსვეტლანა როდინაძე; სამეცნიერო ხელმძღვანელი დ. გოცირიძე;ბათუმის შოთა რუსთაველის სახ-ფო უნ-ტი.
264 _aბათუმი,
_c2012.
300 _a156 გვ. ;
_b30 სმ.
653 _aდისერტაცია
653 _aინგლისურენოვანი მარინისტული ტექსტები და მათი თარგმანის როლი ქართული საზღვაო ტერმინოლოგიის ფორმირების პროცესში
653 _aლიტმცოდნეობა
700 _aგოცირიძე, დ.
_eსამეცნიერო ხელმძღვანელი
_910308
710 _aბათუმის შოთა რუსთაველის სახ-ფო უნ-ტი
_911704
942 _cBK
_2udc